|
|
|
|
| LEADER |
01633nam a22003254a 4500 |
| 001 |
4874 |
| 003 |
BD-DhAAL |
| 005 |
20230718164855.0 |
| 008 |
150518s2003 dcua b 001 0 eng |
| 010 |
|
|
|a 00039852
|
| 020 |
|
|
|a 0821344943
|
| 040 |
|
|
|a DLC
|c DLC
|d DLC
|d BD-DhAAL
|
| 050 |
0 |
0 |
|a RA993.5.D48
|b H67 2003
|
| 082 |
0 |
0 |
|a 362.11091724
|2 21
|
| 245 |
0 |
0 |
|a Innovations in health service delivery :
|b the corporatization of public hospitals /
|c Alexander S. Preker, April Harding, editors.
|
| 260 |
|
|
|a Washington, D.C. :
|b World Bank,
|c c2003.
|
| 300 |
|
|
|a xx, 618 pages :
|b illustrations ;
|c 22 cm.
|
| 504 |
|
|
|a Includes bibliographical references (p. 559-588) and index.
|
| 541 |
|
|
|a Donated By Akbar Ali Khan
|e 4874, 41387
|
| 650 |
|
0 |
|a Hospitals
|z Developing countries
|x Administration.
|9 11107
|
| 650 |
|
0 |
|a Health care reform
|z Developing countries.
|9 11108
|
| 650 |
|
0 |
|a Corporatization
|z Developing countries.
|9 11109
|
| 650 |
|
0 |
|a Hospitals
|z Developing countries
|x Administration
|v Case studies.
|9 11110
|
| 650 |
|
0 |
|a Health care reform
|z Developing countries
|v Case studies.
|9 11111
|
| 700 |
1 |
|
|a Preker, Alexander S.,
|d 1951-
|9 10344
|
| 700 |
1 |
|
|a Harding, April,
|d 1964-
|9 11112
|
| 942 |
|
|
|2 ddc
|c BK
|
| 999 |
|
|
|c 34431
|d 34431
|
| 952 |
|
|
|0 0
|1 0
|2 ddc
|4 0
|6 362_110917240000000_INN
|7 0
|9 53756
|a SCL
|b SCL
|c GEN
|d 2015-05-18
|l 0
|o 362.11091724 INN
|p 3020004874
|r 2015-05-18
|t 1
|w 2015-05-18
|y BK
|
| 952 |
|
|
|0 0
|1 0
|2 ddc
|4 0
|6 362_110917240000000_INN
|7 1
|9 74091
|a BRACUL
|b BRACUL
|c AAKC
|d 2023-07-18
|e Donated by Akbar Ali Khan
|g 4951.47
|l 0
|o 362.11091724 INN
|p 3010041387
|r 2023-07-18
|t 2
|w 2023-07-18
|y BK
|x price are not available in book (collected from amazon.com )
|